| 000 | 00449nam a2200193Ia 4500 | ||
|---|---|---|---|
| 008 | 170705s9999 xx 000 0 und d | ||
| 020 | _a9780590988254 | ||
| 245 | _aMidnight on the moon / | ||
| 245 | _cMary Pope Osborne. | ||
| 260 | _aNew York : | ||
| 260 | _bScholastic, | ||
| 260 | _c1996 | ||
| 300 | _a70 pages : | ||
| 300 | _bcolor illustration ; | ||
| 300 | _c19cm. | ||
| 440 | _aMagic tree house ; | ||
| 440 | _v8 | ||
| 500 | _a320 | ||
| 999 |
_c335548 _d335548 |
||